[Event "Tel Aviv"]
[Site "Tel Aviv"]
[Date "2021.12.07"]
[Round "9"]
[White "Rozentalis, Eduardas"]
[Black "Shutzman, Joseph"]
[Result "1/2-1/2"]
[WhiteElo "2517"]
[BlackElo "2291"]
[PlyCount "60"]
[EventDate "2021.11.28"]
[EventType "tourn"]
[EventRounds "9"]
[EventCountry "ISR"]
[EventCategory "2"]
[SourceTitle "CBM 205 Extra"]
[Source "ChessBase"]
[SourceDate "2022.01.31"]
[SourceVersion "1"]
[SourceVersionDate "2022.01.31"]
[SourceQuality "1"]

1. e4 c5 2. Nf3 Nc6 3. Bb5 e5 4. 0-0 Nge7 5. c3 g6 6. d4 exd4 7. cxd4 cxd4 8. Nxd4 Bg7 9. Be3 0-0 10. Nc3 d5 11. exd5 Nb4 12. d6 Ned5 13. Nb3 Nxe3 14. fxe3 a6 15. Bc4 Be5 16. Rxf7 Rxf7 17. Qf3 Bxh2+ 18. Kh1 Bxd6 19. Qxf7+ Kh8 20. Kg1 Bf5 21. Nd4 Qh4 22. Nf3 Qe7 23. Qxe7 Bxe7 24. e4 Bd7 25. Nd5 Bc5+ 26. Kh1 Rc8 27. Rd1 Nxd5 28. Bxd5 Rc7 29. Rc1 b6 30. Ne5 Be8 1/2-1/2

[Event "Herzliya"]
[Site "Herzliya"]
[Date "2017.12.06"]
[Round "6"]
[White "Shutzman, Joseph"]
[Black "Kudischewitsch, David"]
[Result "0-1"]
[WhiteElo "2279"]
[BlackElo "2350"]
[PlyCount "87"]
[EventDate "2017.12.01"]
[EventType "tourn"]
[EventRounds "9"]
[EventCountry "ISR"]
[EventCategory "7"]
[SourceTitle "CBM 182 Extra"]
[Source "ChessBase"]
[SourceDate "2018.02.23"]
[SourceVersion "1"]
[SourceVersionDate "2018.02.23"]
[SourceQuality "1"]

1. Nf3 d5 2. b3 Bf5 3. Bb2 e6 4. e3 Nf6 5. Be2 h6 6. 0-0 Be7 7. c4 0-0 8. d4 c6 9. Nc3 Ne4 10. Nd2 Nxc3 11. Bxc3 Nd7 12. Bf3 Nf6 13. Re1 Qc7 14. Qc1 b5 15. Bb2 Qa5 16. Bc3 Qb6 17. Bb2 Rab8 18. Ba3 Bxa3 19. Qxa3 bxc4 20. bxc4 Qb2 21. Qc5 Qb4 22. Qxb4 Rxb4 23. Rec1 Rfb8 24. cxd5 cxd5 25. Nb3 Ra4 26. Bd1 Ra3 27. f3 a5 28. Kf2 a4 29. Nc5 Rb2+ 30. Be2 Raxa2 31. Rxa2 Rxa2 32. Rc3 Bc2 33. Ke1 Ne8 34. Na6 Nd6 35. Nb4 Ra1+ 36. Kd2 Bb3 37. Rc1 Rxc1 38. Kxc1 a3 39. Kb1 Nf5 40. g4 Nxe3 41. Bd3 g5 42. Kc1 f5 43. Kd2 f4 44. Kc1 0-1

[Event "Herzliya"]
[Site "Herzliya"]
[Date "2017.12.02"]
[Round "2"]
[White "Shutzman, Joseph"]
[Black "Zoler, Dan"]
[Result "0-1"]
[WhiteElo "2279"]
[BlackElo "2497"]
[PlyCount "82"]
[EventDate "2017.12.01"]
[EventType "tourn"]
[EventRounds "9"]
[EventCountry "ISR"]
[EventCategory "7"]
[SourceTitle "CBM 182 Extra"]
[Source "ChessBase"]
[SourceDate "2018.02.23"]
[SourceVersion "1"]
[SourceVersionDate "2018.02.23"]
[SourceQuality "1"]

1. e4 e5 2. Nf3 Nc6 3. d4 exd4 4. Nxd4 Nf6 5. Nxc6 bxc6 6. Qe2 Qe7 7. Nc3 d6 8. Bf4 g6 9. Qc4 Bd7 10. 0-0-0 Nh5 11. Be3 Bg7 12. Be2 Nf6 13. Bd4 0-0 14. e5 Ne8 15. exd6 cxd6 16. Bxg7 Nxg7 17. Qf4 d5 18. Bf3 Ne6 19. Qe5 f6 20. Qe3 Qf7 21. Na4 Rab8 22. Qa3 Rb5 23. Be2 Rb7 24. Nc5 Nxc5 25. Qxc5 Qe8 26. Ba6 Rb6 27. Rhe1 Qb8 28. Bc4 Bg4 29. Rd4 dxc4 30. Rxg4 Rxb2 31. Re7 Rb1+ 32. Kd2 c3+ 33. Kxc3 Qb2+ 34. Kd2 Qc1+ 35. Kc3 Qb2+ 36. Kd2 Qc1+ 37. Kc3 Rd8 38. Re2 Qb2+ 39. Kc4 Qxa2+ 40. Kc3 Qa1+ 41. Kc4 Qa6+ 0-1

[Event "Herzliya"]
[Site "Herzliya"]
[Date "2016.08.28"]
[Round "4"]
[White "Nedobora, Mikhail"]
[Black "Shutzman, Joseph"]
[Result "1-0"]
[WhiteElo "2414"]
[BlackElo "2266"]
[PlyCount "87"]
[EventDate "2016.08.24"]
[EventType "tourn"]
[EventRounds "9"]
[EventCountry "ISR"]
[EventCategory "7"]
[SourceTitle "EXT 2017"]
[Source "ChessBase"]
[SourceDate "2016.10.25"]
[SourceVersion "1"]
[SourceVersionDate "2016.10.25"]
[SourceQuality "1"]

1. d4 Nf6 2. c4 e6 3. Nc3 Bb4 4. e3 0-0 5. Nf3 d5 6. Bd3 c5 7. 0-0 dxc4 8. Bxc4 cxd4 9. exd4 b6 10. Bg5 Bb7 11. Qe2 Bxc3 12. bxc3 Nbd7 13. Rac1 Qc7 14. Nd2 Rfe8 15. Rfe1 Nd5 16. Bxd5 Bxd5 17. c4 Bb7 18. Qg4 f5 19. Qh3 h6 20. Bh4 Qf4 21. Nb3 Rac8 22. Bg3 Qg5 23. f3 Ba6 24. c5 Bb7 25. Bd6 Bd5 26. f4 Qf6 27. Red1 Rc6 28. Rc3 Rec8 29. Rg3 Kh7 30. Qh5 g6 31. Qe2 Qf7 32. Re3 Nf6 33. Nd2 Ne8 34. Be5 bxc5 35. dxc5 Rxc5 36. Nf3 Nf6 37. Ra3 Ng4 38. Ng5+ hxg5 39. Rh3+ Nh6 40. fxg5 Qf8 41. Rxh6+ Qxh6 42. gxh6 Rc2 43. Rd2 Rc1+ 44. Kf2 1-0

[Event "Herzliya"]
[Site "Herzliya"]
[Date "2016.08.24"]
[Round "1"]
[White "Shutzman, Joseph"]
[Black "Haimovich, Tal"]
[Result "1/2-1/2"]
[WhiteElo "2266"]
[BlackElo "2383"]
[PlyCount "88"]
[EventDate "2016.08.24"]
[EventType "tourn"]
[EventRounds "9"]
[EventCountry "ISR"]
[EventCategory "7"]
[SourceTitle "EXT 2017"]
[Source "ChessBase"]
[SourceDate "2016.10.25"]
[SourceVersion "1"]
[SourceVersionDate "2016.10.25"]
[SourceQuality "1"]

1. Nf3 d5 2. b3 c5 3. Bb2 f6 4. g3 e5 5. d3 Nc6 6. Bg2 Bg4 7. h3 Be6 8. e4 d4 9. Nbd2 Bd6 10. Nc4 Bc7 11. a4 Nge7 12. Bc1 a6 13. Nh4 b5 14. Na3 Ba5+ 15. Bd2 Bxd2+ 16. Qxd2 Qd7 17. 0-0 Rb8 18. axb5 axb5 19. Kh2 Ng6 20. Nf5 0-0 21. h4 Bxf5 22. exf5 Nge7 23. c4 dxc3 24. Qxc3 Nd4 25. Nc2 Nexf5 26. Qxc5 Nxc2 27. Qxc2 Nd4 28. Qb2 Qf5 29. Be4 Qe6 30. b4 Kh8 31. Bg2 Qd6 32. Rfc1 Rbc8 33. Rc3 Rfd8 34. Rac1 Rxc3 35. Rxc3 f5 36. Rc5 Qf6 37. Qc3 f4 38. Rc8 fxg3+ 39. fxg3 g6 40. Qc7 Rxc8 41. Qxc8+ Kg7 42. Qd7+ Qf7 43. Qd6 Qf6 44. Qd7+ Qf7 1/2-1/2

[Event "Czerniak Memorial schev 26th"]
[Site "Tel Aviv"]
[Date "2011.05.31"]
[Round "8"]
[White "Shvayger, Yuliya"]
[Black "Shutzman, Joseph"]
[Result "0-1"]
[WhiteElo "2175"]
[BlackElo "2264"]
[PlyCount "62"]
[EventDate "2011.05.22"]
[EventType "team-schev"]
[EventRounds "10"]
[EventCountry "ISR"]
[SourceTitle "EXT 2012"]
[Source "ChessBase"]
[SourceDate "2011.11.24"]
[SourceVersion "1"]
[SourceVersionDate "2011.11.24"]
[SourceQuality "1"]

1. e4 Nc6 2. d4 d6 3. c4 Nf6 4. Nc3 g6 5. f3 Bg7 6. Be3 0-0 7. Bd3 e5 8. d5 Nd4 9. Nge2 Nh5 10. 0-0 f5 11. exf5 gxf5 12. Qd2 Nxe2+ 13. Bxe2 Kh8 14. Rfc1 b6 15. b4 a5 16. a3 Rg8 17. Bf1 axb4 18. axb4 Rxa1 19. Rxa1 f4 20. Bf2 e4 21. fxe4 f3 22. Bd4 Be5 23. Nb5 Bh3 24. Bxe5+ dxe5 25. Qc3 Qf6 26. g3 Qf4 27. Kf2 Nxg3 28. hxg3 Qxg3+ 29. Ke3 Qg1+ 30. Kd2 Qh2+ 31. Kc1 Rg1 0-1

[Event "Czerniak Memorial schev 26th"]
[Site "Tel Aviv"]
[Date "2011.05.26"]
[Round "5"]
[White "Shutzman, Joseph"]
[Black "Weiss, Yonatan"]
[Result "1-0"]
[WhiteElo "2264"]
[BlackElo "1864"]
[PlyCount "51"]
[EventDate "2011.05.22"]
[EventType "team-schev"]
[EventRounds "10"]
[EventCountry "ISR"]
[SourceTitle "EXT 2012"]
[Source "ChessBase"]
[SourceDate "2011.11.24"]
[SourceVersion "1"]
[SourceVersionDate "2011.11.24"]
[SourceQuality "1"]

1. e4 c5 2. Nf3 d6 3. d4 cxd4 4. Nxd4 Nf6 5. Nc3 a6 6. Be2 e5 7. Nb3 Be7 8. 0-0 0-0 9. Kh1 b6 10. f4 Bb7 11. Bf3 Nbd7 12. f5 Nc5 13. Qe2 Qc7 14. g4 h6 15. Nxc5 Qxc5 16. g5 hxg5 17. Bxg5 Nd5 18. Bxe7 Nxe7 19. Rg1 g6 20. f6 Nc6 21. Qd2 Nd4 22. Qh6 Nf5 23. exf5 Bxf3+ 24. Rg2 Bxg2+ 25. Kxg2 Qc6+ 26. Kg3 1-0

[Event "Czerniak Memorial schev 26th"]
[Site "Tel Aviv"]
[Date "2011.05.23"]
[Round "2"]
[White "Striechman, Orri"]
[Black "Shutzman, Joseph"]
[Result "1/2-1/2"]
[WhiteElo "1897"]
[BlackElo "2264"]
[PlyCount "37"]
[EventDate "2011.05.22"]
[EventType "team-schev"]
[EventRounds "10"]
[EventCountry "ISR"]
[SourceTitle "EXT 2012"]
[Source "ChessBase"]
[SourceDate "2011.11.24"]
[SourceVersion "1"]
[SourceVersionDate "2011.11.24"]
[SourceQuality "1"]

1. e4 c5 2. Nf3 e6 3. d4 cxd4 4. Nxd4 a6 5. Nc3 b5 6. Bd3 Qb6 7. Nb3 Nc6 8. Be3 Qc7 9. 0-0 Nf6 10. f4 d6 11. Qf3 Bb7 12. Rae1 Be7 13. a3 b4 14. Ne2 bxa3 15. bxa3 0-0 16. Qg3 e5 17. fxe5 Nxe5 18. Nd2 g6 19. Nf4 1/2-1/2

[Event "Petah Tikva-B"]
[Site "Petah Tikva"]
[Date "2010.12.10"]
[Round "6"]
[White "Shutzman, Joseph"]
[Black "Rabinovich, Joseph"]
[Result "0-1"]
[WhiteElo "2270"]
[BlackElo "2278"]
[PlyCount "104"]
[EventDate "2010.12.02"]
[EventType "tourn"]
[EventRounds "9"]
[EventCountry "ISR"]
[EventCategory "3"]
[SourceTitle "CBM 140 Extra"]
[Source "ChessBase"]
[SourceDate "2011.03.01"]
[SourceVersion "1"]
[SourceVersionDate "2011.03.01"]
[SourceQuality "1"]

1. e4 c5 2. Nf3 d6 3. d4 cxd4 4. Nxd4 Nf6 5. Nc3 Nc6 6. Be2 e5 7. Nf3 h6 8. 0-0 Be7 9. h3 Be6 10. Re1 0-0 11. Bf1 Rc8 12. Nd5 Bxd5 13. exd5 Nb8 14. c4 Nh7 15. Qa4 a6 16. b4 Ng5 17. Nxg5 Bxg5 18. Bxg5 Qxg5 19. Rac1 Rc7 20. Qa5 Rfc8 21. Qb6 Qf6 22. Rc3 Nd7 23. Qe3 Qh4 24. Bd3 g6 25. Rec1 Nf6 26. Bf1 Kg7 27. Rd1 b5 28. c5 Qxb4 29. c6 Qa5 30. Rd2 Ne4 31. Ra3 Qb4 32. Rd1 Nc5 33. Rc3 Re8 34. Rdc1 Na4 35. Rb3 Qf4 36. Qe1 Nc5 37. Rb4 e4 38. Rd1 Qe5 39. Qe3 f5 40. g3 g5 41. Rbd4 Kf6 42. Qe2 f4 43. Qh5 Kg7 44. Bg2 f3 45. Bf1 Rf7 46. Kh2 e3 47. fxe3 Qxe3 48. Rg4 Qf2+ 49. Kh1 Ne4 50. c7 Nxg3+ 51. Rxg3 Qxg3 52. Rc1 Re2 0-1

[Event "Petah Tikva-B"]
[Site "Petah Tikva"]
[Date "2010.12.07"]
[Round "4"]
[White "Shutzman, Joseph"]
[Black "Efroimski, Marsel"]
[Result "0-1"]
[WhiteElo "2270"]
[BlackElo "2244"]
[PlyCount "90"]
[EventDate "2010.12.02"]
[EventType "tourn"]
[EventRounds "9"]
[EventCountry "ISR"]
[EventCategory "3"]
[SourceTitle "CBM 140 Extra"]
[Source "ChessBase"]
[SourceDate "2011.03.01"]
[SourceVersion "1"]
[SourceVersionDate "2011.03.01"]
[SourceQuality "1"]

1. e4 e6 2. d4 d5 3. Nd2 c5 4. Ngf3 Nf6 5. e5 Nfd7 6. c3 Nc6 7. Bd3 a6 8. Qe2 Be7 9. 0-0 cxd4 10. cxd4 0-0 11. Nb3 Kh8 12. Bf4 a5 13. Rac1 f5 14. exf6 Bxf6 15. Bd6 Rf7 16. Ne5 Bxe5 17. dxe5 Kg8 18. f4 Nf8 19. Kh1 a4 20. Nc5 Nd4 21. Qd1 Nf5 22. Bxf5 Rxf5 23. Nxa4 Bd7 24. Nc3 Qh4 25. g3 Qh3 26. Ne2 Be8 27. Rf2 Bg6 28. Qf1 Qg4 29. h3 Rh5 30. Rh2 Be4+ 31. Kg1 Qg6 32. Kf2 Rf5 33. Nc3 Rf7 34. Nxe4 Qxe4 35. Rd1 g5 36. Qd3 Qxd3 37. Rxd3 gxf4 38. g4 Rxa2 39. Ba3 Ng6 40. Rc3 Nxe5 41. Rc8+ Kg7 42. Ra8 Kg6 43. Re8 Kf6 44. Ra8 Rc7 45. Rf8+ Kg7 0-1

[Event "Petah Tikva"]
[Site "Petah Tikva"]
[Date "2008.11.02"]
[Round "8"]
[White "Shutzman, Joseph"]
[Black "Kudischewitsch, David"]
[Result "1/2-1/2"]
[WhiteElo "2333"]
[BlackElo "2343"]
[PlyCount "53"]
[EventDate "2008.10.17"]
[EventType "tourn"]
[EventRounds "9"]
[EventCountry "ISR"]
[EventCategory "3"]
[SourceTitle "EXT 2009"]
[Source "ChessBase"]
[SourceDate "2008.11.26"]
[SourceVersion "1"]
[SourceVersionDate "2008.11.26"]
[SourceQuality "1"]

1. e4 d5 2. exd5 Qxd5 3. Nc3 Qd6 4. d4 Nf6 5. Nf3 c6 6. h3 g6 7. Bc4 Bg7 8. 0-0 0-0 9. Re1 Nbd7 10. Bb3 Nb6 11. Qe2 a5 12. a4 Re8 13. Ne5 Nbd5 14. Qf3 Be6 15. Bd2 Nb4 16. Bxe6 fxe6 17. Ne4 Nxe4 18. Bxb4 Ng5 19. Bxd6 Nxf3+ 20. Nxf3 exd6 21. Re4 d5 22. Re3 c5 23. Rae1 Bxd4 24. Nxd4 cxd4 25. Rxe6 Rxe6 26. Rxe6 Rc8 27. Re2 1/2-1/2

[Event "Petah Tikva"]
[Site "Petah Tikva"]
[Date "2008.10.24"]
[Round "4"]
[White "Galburd, Yan"]
[Black "Shutzman, Joseph"]
[Result "1-0"]
[WhiteElo "2267"]
[BlackElo "2333"]
[PlyCount "99"]
[EventDate "2008.10.17"]
[EventType "tourn"]
[EventRounds "9"]
[EventCountry "ISR"]
[EventCategory "3"]
[SourceTitle "EXT 2009"]
[Source "ChessBase"]
[SourceDate "2008.11.26"]
[SourceVersion "1"]
[SourceVersionDate "2008.11.26"]
[SourceQuality "1"]

1. d4 Nf6 2. g3 e6 3. c4 Bb4+ 4. Bd2 Qe7 5. Nf3 0-0 6. Bg2 Bxd2+ 7. Nbxd2 d6 8. e4 e5 9. d5 c5 10. 0-0 Ne8 11. a3 g6 12. b4 Na6 13. Rb1 f5 14. exf5 Bxf5 15. Rb2 g5 16. Re1 Qg7 17. Ne4 Bxe4 18. Rxe4 Nf6 19. Ree2 e4 20. Nd2 e3 21. Rxe3 cxb4 22. Ra2 bxa3 23. Raxa3 Nc5 24. Nb3 Nxb3 25. Raxb3 Rac8 26. Qe2 Rf7 27. Re6 Rcf8 28. Rf3 Rd8 29. Rfe3 a5 30. Bh3 g4 31. Bg2 a4 32. Qa2 Ra8 33. Rxd6 Nd7 34. Rde6 Nc5 35. R6e5 Nd3 36. Re8+ Rxe8 37. Rxe8+ Rf8 38. Qxa4 Qd4 39. Rxf8+ Kxf8 40. Qa8+ Kg7 41. Qxb7+ Kh6 42. Qa6+ Kg7 43. Qa2 Ne1 44. Qe2 Qa1 45. Qxg4+ Kf8 46. Bf1 Qf6 47. Qc8+ Kg7 48. Qe6 Nf3+ 49. Kg2 Qc3 50. Qg4+ 1-0

[Event "Petah Tikva"]
[Site "Petah Tikva"]
[Date "2008.10.19"]
[Round "2"]
[White "Popilski, Gil"]
[Black "Shutzman, Joseph"]
[Result "1-0"]
[WhiteElo "2394"]
[BlackElo "2333"]
[PlyCount "87"]
[EventDate "2008.10.17"]
[EventType "tourn"]
[EventRounds "9"]
[EventCountry "ISR"]
[EventCategory "3"]
[SourceTitle "EXT 2009"]
[Source "ChessBase"]
[SourceDate "2008.11.26"]
[SourceVersion "1"]
[SourceVersionDate "2008.11.26"]
[SourceQuality "1"]

1. d4 Nf6 2. g3 e6 3. c4 c5 4. Nf3 b6 5. d5 exd5 6. cxd5 d6 7. Bg2 g6 8. 0-0 Bg7 9. Nc3 0-0 10. Bf4 Re8 11. Re1 a6 12. e4 Ng4 13. a4 Ra7 14. Qb3 Rae7 15. h3 Ne5 16. Nxe5 Bxe5 17. Bg5 f6 18. Be3 Nd7 19. Qc2 Bd4 20. Bxd4 cxd4 21. Ne2 d3 22. Qxd3 Nc5 23. Qc2 Nxe4 24. Nd4 Nc5 25. Rec1 Bf5 26. Nxf5 gxf5 27. b4 Re2 28. Qc4 b5 29. axb5 axb5 30. Qc3 Ne4 31. Bxe4 R2xe4 32. Ra7 f4 33. Qf3 R4e7 34. Rxe7 Qxe7 35. Qxf4 Kh8 36. Rc6 Rd8 37. Kg2 Kg7 38. Rb6 Ra8 39. Rxd6 Ra2 40. Qg4+ Kh6 41. Re6 Qf7 42. Qf4+ Kg6 43. h4 h5 44. Qg5+ 1-0

[Event "Petah Tikva"]
[Site "Petah Tikva"]
[Date "2008.10.17"]
[Round "1"]
[White "Shutzman, Joseph"]
[Black "Kaganskiy, Gleb"]
[Result "1/2-1/2"]
[WhiteElo "2333"]
[BlackElo "2330"]
[PlyCount "60"]
[EventDate "2008.10.17"]
[EventType "tourn"]
[EventRounds "9"]
[EventCountry "ISR"]
[EventCategory "3"]
[SourceTitle "EXT 2009"]
[Source "ChessBase"]
[SourceDate "2008.11.26"]
[SourceVersion "1"]
[SourceVersionDate "2008.11.26"]
[SourceQuality "1"]

1. e4 c6 2. d4 d5 3. Nc3 dxe4 4. Nxe4 Bf5 5. Ng3 Bg6 6. h4 h6 7. Nf3 Nd7 8. h5 Bh7 9. Bd3 Bxd3 10. Qxd3 e6 11. Bf4 Qa5+ 12. Bd2 Qc7 13. 0-0-0 0-0-0 14. Ne4 Ngf6 15. g3 Nxe4 16. Qxe4 Bd6 17. Kb1 Rhe8 18. Qe2 f5 19. c4 c5 20. Bc3 Kb8 21. Rhe1 Nf6 22. dxc5 Qxc5 23. Bd4 Qc7 24. Qe3 Qxc4 25. Bxf6 gxf6 26. Rd4 Qb5 27. Qd2 Qc6 28. Rc1 Qxf3 29. Rxd6 Rc8 30. Re1 Qxh5 1/2-1/2

[Event "Herzliya op"]
[Site "Herzliya"]
[Date "2008.09.03"]
[Round "2"]
[White "Shutzman, Joseph"]
[Black "Kantsler, Boris"]
[Result "1/2-1/2"]
[WhiteElo "2318"]
[BlackElo "2487"]
[PlyCount "57"]
[EventDate "2008.09.02"]
[EventType "swiss"]
[EventRounds "9"]
[EventCountry "ISR"]
[SourceTitle "CBM 126 Extra"]
[Source "ChessBase"]
[SourceDate "2008.11.05"]
[SourceVersion "1"]
[SourceVersionDate "2008.11.05"]
[SourceQuality "1"]

1. e4 c5 2. Nf3 Qa5 3. Nc3 e6 4. g3 d6 5. Bg2 Nf6 6. 0-0 Be7 7. d4 cxd4 8. Nxd4 0-0 9. Bd2 Qb6 10. Nb3 Nc6 11. Be3 Qc7 12. Nb5 Qb8 13. f4 a6 14. N5d4 Qc7 15. h3 Bd7 16. c4 Nxd4 17. Qxd4 Bc6 18. Rac1 Rfd8 19. Qd3 Rac8 20. Nd4 Bd7 21. Qd2 Qb8 22. Qb4 Re8 23. Qb6 Bd8 24. Qb4 Be7 25. Qb6 Bd8 26. Qb4 Be7 27. Qb6 Bd8 28. Qb4 Be7 29. Qb6 1/2-1/2

[Event "Herzliya op"]
[Site "Herzliya"]
[Date "2008.09.02"]
[Round "1"]
[White "Volkov, Yuri"]
[Black "Shutzman, Joseph"]
[Result "0-1"]
[WhiteElo "2066"]
[BlackElo "2318"]
[PlyCount "100"]
[EventDate "2008.09.02"]
[EventType "swiss"]
[EventRounds "9"]
[EventCountry "ISR"]
[SourceTitle "CBM 126 Extra"]
[Source "ChessBase"]
[SourceDate "2008.11.05"]
[SourceVersion "1"]
[SourceVersionDate "2008.11.05"]
[SourceQuality "1"]

1. d4 Nf6 2. Nf3 g6 3. Bg5 Bg7 4. Nc3 h6 5. Bxf6 Bxf6 6. e4 Bg7 7. e5 d6 8. Bd3 Nc6 9. Qe2 Bg4 10. e6 Bxe6 11. Bxg6 Qd7 12. Bd3 Nxd4 13. Nxd4 Bxd4 14. Qe4 Bxc3+ 15. bxc3 Qc6 16. Qd4 0-0-0 17. Rb1 Qc5 18. Qxc5 dxc5 19. Be4 c6 20. a3 Bc4 21. Rd1 Kc7 22. f4 Bd5 23. Bxd5 cxd5 24. Kf2 e6 25. Rhe1 Rd6 26. f5 Ra6 27. Rd3 Kd6 28. Rde3 Ke7 29. Rg3 Rxa3 30. fxe6 fxe6 31. Rg7+ Kf6 32. Rxb7 Rxc3 33. Re2 a5 34. Ke1 Rc4 35. Kd2 Ra8 36. g3 Ra6 37. Rh7 Kg6 38. Rh8 Kg7 39. Rc8 Re4 40. Rf2 Ra7 41. Rxc5 a4 42. Rb5 a3 43. Rb1 a2 44. Ra1 Rb4 45. Rff1 d4 46. Kd3 Ra3+ 47. Kd2 Kg6 48. Rae1 Rb6 49. Re4 a1Q 50. Rg4+ Kh5 0-1

[Event "Petah Tikva Elitzur-A"]
[Site "Petah Tikva"]
[Date "2007.08.??"]
[Round "9"]
[White "Kantsler, Boris"]
[Black "Shutzman, Joseph"]
[Result "1-0"]
[WhiteElo "2509"]
[BlackElo "2288"]
[PlyCount "67"]
[EventDate "2007.08.??"]
[EventType "tourn"]
[EventRounds "9"]
[EventCountry "ISR"]
[EventCategory "5"]
[SourceTitle "EXT 2009"]
[Source "ChessBase"]
[SourceDate "2008.11.26"]
[SourceVersion "1"]
[SourceVersionDate "2008.11.26"]
[SourceQuality "1"]

1. d4 Nf6 2. c4 c5 3. d5 b5 4. Nf3 e6 5. Bg5 exd5 6. cxd5 d6 7. e4 a6 8. Nfd2 Be7 9. Bf4 0-0 10. a4 Re8 11. axb5 Nxe4 12. Nxe4 Bg5 13. Bxg5 Qxg5 14. Nbc3 f5 15. Qd2 Qg6 16. f3 fxe4 17. Nxe4 Nd7 18. bxa6 Nf6 19. Bd3 Nxe4 20. Bxe4 Rxe4+ 21. fxe4 Qxe4+ 22. Qe2 Qb4+ 23. Kf2 Bxa6 24. Qe6+ Kh8 25. Rhe1 Qd4+ 26. Kg3 Rf8 27. Qe3 Qf6 28. Rxa6 Qg6+ 29. Kh4 Qxg2 30. Qg3 g5+ 31. Kh5 Qxd5 32. Qc3+ Kg8 33. Ra7 g4+ 34. Kh6 1-0

[Event "Petah Tikva Elitzur-A"]
[Site "Petah Tikva"]
[Date "2007.08.??"]
[Round "6"]
[White "Nabaty, Tamir"]
[Black "Shutzman, Joseph"]
[Result "1-0"]
[WhiteElo "2421"]
[BlackElo "2288"]
[PlyCount "47"]
[EventDate "2007.08.??"]
[EventType "tourn"]
[EventRounds "9"]
[EventCountry "ISR"]
[EventCategory "5"]
[SourceTitle "EXT 2009"]
[Source "ChessBase"]
[SourceDate "2008.11.26"]
[SourceVersion "1"]
[SourceVersionDate "2008.11.26"]
[SourceQuality "1"]

1. d4 Nf6 2. Nc3 c5 3. dxc5 Qa5 4. Nf3 e6 5. Nd4 Bxc5 6. Nb3 Ne4 7. Nxc5 Nxc5 8. Qd4 e5 9. Qxe5+ Kf8 10. Qd6+ Kg8 11. Bd2 Nc6 12. e4 b6 13. Bc4 Ba6 14. Bxa6 Qxa6 15. 0-0-0 h6 16. Be3 Ne6 17. f4 Kh7 18. Qxd7 Rac8 19. Qxf7 Rhe8 20. Rd6 Qc4 21. f5 Ne5 22. Qh5 Qb4 23. Rxe6 Rxc3 24. Qg6+ 1-0

[Event "Petah Tikva Elitzur-A"]
[Site "Petah Tikva"]
[Date "2007.08.??"]
[Round "7"]
[White "Shutzman, Joseph"]
[Black "Caspi, Israel"]
[Result "1-0"]
[WhiteElo "2288"]
[BlackElo "2318"]
[PlyCount "85"]
[EventDate "2007.08.??"]
[EventType "tourn"]
[EventRounds "9"]
[EventCountry "ISR"]
[EventCategory "5"]
[SourceTitle "EXT 2009"]
[Source "ChessBase"]
[SourceDate "2008.11.26"]
[SourceVersion "1"]
[SourceVersionDate "2008.11.26"]
[SourceQuality "1"]

1. e4 c5 2. Nf3 e6 3. d4 cxd4 4. Nxd4 Bc5 5. Nb3 Bb6 6. Bd3 Ne7 7. Nc3 0-0 8. 0-0 Nbc6 9. Bg5 f6 10. Bh4 Ne5 11. Na4 Bc7 12. f4 Nxd3 13. cxd3 b6 14. Nc3 Bb7 15. Nd4 Rc8 16. Qb3 Nc6 17. Nxc6 Bxc6 18. d4 Qe8 19. Bg3 Kh8 20. Rad1 d5 21. exd5 exd5 22. Rde1 Qh5 23. f5 Bxg3 24. hxg3 Qg4 25. Qd1 Qxg3 26. Re7 Rc7 27. Ne2 Qd6 28. Re6 Qd8 29. Nf4 Bd7 30. Ng6+ Kg8 31. Ne7+ Kh8 32. Ng6+ Kg8 33. Nxf8 Qxf8 34. Re3 Qb4 35. Qg4 Rc4 36. Rf4 g5 37. Rf2 Rxd4 38. Qe2 Qd6 39. Rf1 Rh4 40. Re1 d4 41. Re8+ Bxe8 42. Qxe8+ Qf8 43. Qd7 1-0

[Event "Petah Tikva Elitzur-A"]
[Site "Petah Tikva"]
[Date "2007.08.??"]
[Round "1"]
[White "Shutzman, Joseph"]
[Black "Kaganskiy, Gleb"]
[Result "0-1"]
[WhiteElo "2288"]
[BlackElo "2331"]
[PlyCount "76"]
[EventDate "2007.08.??"]
[EventType "tourn"]
[EventRounds "9"]
[EventCountry "ISR"]
[EventCategory "5"]
[SourceTitle "EXT 2009"]
[Source "ChessBase"]
[SourceDate "2008.11.26"]
[SourceVersion "1"]
[SourceVersionDate "2008.11.26"]
[SourceQuality "1"]

1. e4 c6 2. d4 d5 3. Nc3 dxe4 4. Nxe4 Nd7 5. Ng5 Ngf6 6. Bd3 e6 7. N1f3 h6 8. Nxe6 fxe6 9. Bg6+ Ke7 10. 0-0 Qc7 11. c4 Kd8 12. Qe2 Bd6 13. Rd1 Nf8 14. Bc2 Bd7 15. b3 Be8 16. h3 g5 17. Bb2 Qe7 18. Ne5 Rg8 19. b4 Bxb4 20. Rab1 Kc8 21. d5 exd5 22. cxd5 Nxd5 23. Qc4 b5 24. Qb3 Rb8 25. Rxd5 cxd5 26. Qxd5 Ne6 27. Bf5 Rb6 28. Qa8+ Kc7 29. Qxa7+ Rb7 30. Rc1+ Nc5 31. Qa6 Kb8 32. Qxh6 Qf8 33. Nc6+ Bxc6 34. Be5+ Ka8 35. Qxc6 Qxf5 36. Rxc5 Bxc5 37. Qxc5 Qb1+ 38. Kh2 Qxa2 0-1

[Event "Petah Tikva Elitzur-A"]
[Site "Petah Tikva"]
[Date "2007.08.??"]
[Round "5"]
[White "Shutzman, Joseph"]
[Black "Sidorenko, Ilya"]
[Result "1-0"]
[WhiteElo "2288"]
[BlackElo "2256"]
[PlyCount "99"]
[EventDate "2007.08.??"]
[EventType "tourn"]
[EventRounds "9"]
[EventCountry "ISR"]
[EventCategory "5"]
[SourceTitle "EXT 2009"]
[Source "ChessBase"]
[SourceDate "2008.11.26"]
[SourceVersion "1"]
[SourceVersionDate "2008.11.26"]
[SourceQuality "1"]

1. e4 c5 2. Nf3 d6 3. d4 cxd4 4. Nxd4 Nf6 5. Nc3 Nc6 6. g3 e5 7. Nde2 Bg4 8. Bg2 Nd4 9. Qd3 Nxe2 10. Nxe2 Rc8 11. 0-0 Be7 12. Nc3 h6 13. Be3 Be6 14. Nd5 Nxd5 15. exd5 Bd7 16. c4 0-0 17. b4 f5 18. f4 e4 19. Qb3 Kh8 20. Rac1 b6 21. Bd4 Bf6 22. Qe3 Qe7 23. Rfd1 Be8 24. Bxf6 Qxf6 25. Qd4 Qe7 26. Bf1 Bh5 27. Re1 Rc7 28. Be2 Bf7 29. Rc3 Rfc8 30. Rec1 Qd7 31. Kf2 b5 32. cxb5 Rxc3 33. Rxc3 Rxc3 34. Qxc3 Bxd5 35. a4 Kg8 36. Ke3 Kf7 37. a5 Qb7 38. Qd4 Ke6 39. g4 fxg4 40. Bxg4+ Kf7 41. Be2 Ke6 42. a6 Qb6 43. Bg4+ Ke7 44. Qxb6 axb6 45. Bf5 Ba8 46. Bxe4 d5 47. Bf5 Kd6 48. Kd4 g5 49. fxg5 hxg5 50. Bg4 1-0